Basic Concepts of Nursing Procedures/ (Record no. 90)

MARC details
000 -LEADER
Fixed length control field 00564nam a2200217Ia 4500
003 - CONTROL NUMBER IDENTIFIER
Control field IIN
005 - DATE AND TIME OF LATEST TRANSACTION
Control field 20250502103858.0
008 - FIXED-LENGTH DATA ELEMENTS--GENERAL INFORMATION
Fixed length control field 231217s9999 xx ad 001 0 eng d
020 ## - INTERNATIONAL STANDARD BOOK NUMBER / ISBN
Price Rs.1150.00
International Standard Book Number 9789352703449
040 ## - CATALOGING SOURCE
Original cataloging agency IIN
Language of cataloging English
082 ## - DEWEY DECIMAL CLASSIFICATION NUMBER
Classification number 610.73
Book Number CLE
100 1# - MAIN ENTRY--PERSONAL NAME
Personal name Clement, I.
245 1# - TITLE STATEMENT
Title Basic Concepts of Nursing Procedures/
Statement of responsibility I. Clement
250 ## - EDITION STATEMENT
Edition statement 3rd ed
260 ## - IMPRINT
Name of publisher Jaypee
Place of publication New Delhi
Date of publication 2018
300 ## - PHYSICAL DESCRIPTION
Page / Vol. No xxviii, 600 p.
500 ## - GENERAL NOTE
General note Includes Index
650 1# - SUBJECT ADDED ENTRY--TOPICAL TERM
Topical term Foundation
Form subdivision Nursing
650 1# - SUBJECT ADDED ENTRY--TOPICAL TERM
Topical term Procedures
Form subdivision Nursing
942 ## - ADDED ENTRY ELEMENTS (KOHA)
Koha item type Books
Holdings
Withdrawn status Lost status Source of classification Damaged status Not for loan Collection code Home library Current library Shelving location Date acquired Price Total Checkouts Call number Accession number Date last seen Copy number Price effective from Koha item type
    Dewey Decimal Classification     Purches Book IDEAL INSTITUTE OF NURSING IDEAL INSTITUTE OF NURSING General Stacks 17/12/2023 1150.00   610.73 CLE 85 17/12/2023 1 17/12/2023 Books
    Dewey Decimal Classification     Purches Book IDEAL INSTITUTE OF NURSING IDEAL INSTITUTE OF NURSING General Stacks 17/12/2023 1150.00   610.73 CLE 86 17/12/2023 2 17/12/2023 Books
    Dewey Decimal Classification     Purches Book IDEAL INSTITUTE OF NURSING IDEAL INSTITUTE OF NURSING General Stacks 17/12/2023 1150.00   610.73 CLE 87 17/12/2023 3 17/12/2023 Books
    Dewey Decimal Classification     Purches Book IDEAL INSTITUTE OF NURSING IDEAL INSTITUTE OF NURSING General Stacks 17/12/2023 1150.00   610.73 CLE 88 17/12/2023 4 17/12/2023 Books
    Dewey Decimal Classification     Purches Book IDEAL INSTITUTE OF NURSING IDEAL INSTITUTE OF NURSING General Stacks 17/12/2023 1150.00   610.73 CLE 89 17/12/2023 5 17/12/2023 Books
    Dewey Decimal Classification     Purches Book IDEAL INSTITUTE OF NURSING IDEAL INSTITUTE OF NURSING General Stacks 11/03/2025 1395.00   610.73 CLE 1963 02/05/2025 6 02/05/2025 Books
© Ideal Institute Of Nursing, All rights reserved.         Powered by Koha